Topological circle planes and topological quadrangles

Αποθηκεύτηκε σε:
Λεπτομέρειες βιβλιογραφικής εγγραφής
Κύριος συγγραφέας: Schroth, Andreas E.
Μορφή: Βιβλίο
Γλώσσα:English
Δημοσίευση: Harlow : New York ; : Longman, John Wiley, 1995
Σειρά:Pitman research notes in mathematics series ; ; 337
Θέματα:
Ετικέτες: Προσθήκη ετικέτας
Δεν υπάρχουν, Καταχωρήστε ετικέτα πρώτοι!

MARC

LEADER 00000nam a2200000 i 4500
001 1/76119
008 990401s1995 eng d
020 |a 0-582-28811-8 
035 |l 10049517 
040 |a GR-MY-UA  |b gre  |e aacr 
041 0 |a eng 
082 0 |a 516.13 
100 1 |a Schroth, Andreas E. 
245 1 0 |a Topological circle planes and topological quadrangles /  |c Andreas E. Schroth 
260 |a Harlow :   |a New York ; :   |b Longman,   |b John Wiley,   |c 1995 
300 |a x, 155 p.;  |c 24 cm. 
490 1 |a Pitman research notes in mathematics series  |v ; 337 
500 |a Includes bibliographical references 
650 0 0 |a Finite generalized quadrangles. 
650 0 0 |a Circle. 
830 0 |a Pitman research notes in mathematics series ;  |v ; 337 
852 |a INST  |b SAMOS  |e 19990401  |h 516.13 SCH  |p 005300012962  |q 005300012962  |t BK  |y 0 
901 |a BIBL-1999-1 
909 |a Σ  |b 063929 
922 |a 3ΕΛΗ  |b 199901  |c ΚΠΣ  |d GLORY